Online
Catalog

El lenguaje olvidado de los niños : (Record no. 39217)

MARC details
000 -CABECERA
campo de control de longitud fija 01255nam a2200313 a 4500
001 - NÚMERO DE CONTROL
campo de control 000039727
005 - FECHA Y HORA DE LA ÚLTIMA TRANSACCIÓN
campo de control 20260224100502.0
008 - DATOS DE LONGITUD FIJA--INFORMACIÓN GENERAL
campo de control de longitud fija 130718s2010 dr ac 000 0 spa d
020 ## - NÚMERO INTERNACIONAL ESTÁNDAR DEL LIBRO
Número Internacional Estándar del Libro 9780963910042
040 ## - FUENTE DE LA CATALOGACIÓN
Centro catalogador/agencia de origen DO-SdBNP
Lengua de catalogación spa
Centro/agencia transcriptor BNPHU
082 ## - NÚMERO DE LA CLASIFICACIÓN DECIMAL DEWEY
Número de clasificación 649.1
Número de documento/Ítem F523L
100 1# - ENTRADA PRINCIPAL--NOMBRE DE PERSONA
Nombre de persona Firestone, Lillian
9 (RLIN) 65918
240 10 - TÍTULO UNIFORME
Título uniforme The forgotten languaje of children
Lenguaje de la obra spa
245 13 - MENCIÓN DE TÍTULO
Título El lenguaje olvidado de los niños :
Resto del título descubriendo la valentía, la creatividad y la conciencia /
Mención de responsabilidad, etc. Lillian Firestone ; prólogo Tenzin Robert Thurman.
260 ## - PUBLICACIÓN, DISTRIBUCIÓN, ETC.
Lugar de publicación, distribución, etc. Santo Domingo :
Nombre del editor, distribuidor, etc. Búho,
Fecha de publicación, distribución, etc. 2010
Fecha de fabricación/manufactura (2da. reimpresión 2013)
300 ## - DESCRIPCIÓN FÍSICA
Extensión 319 p. :
Otras características físicas il., retrs. ;
Dimensiones 24 cm.
500 ## - NOTA GENERAL
Nota general Incluye datos biográficos del autor en la solapa de la cubierta.
500 ## - NOTA GENERAL
Nota general La biblioteca posee una segunda impresión del 2013.
504 ## - NOTA DE BIBLIOGRAFÍA, ETC.
Nota de bibliografía, etc. Bibliografía : p. 317-319.
590 ## - NOTA LOCAL (RLIN)
Nota local Inventariado, 2018/ YL
650 #0 - PUNTO DE ACCESO ADICIONAL DE MATERIA--TÉRMINO DE MATERIA
Término de materia o nombre geográfico como elemento de entrada Crianza de niños
9 (RLIN) 4212
650 #4 - PUNTO DE ACCESO ADICIONAL DE MATERIA--TÉRMINO DE MATERIA
Término de materia o nombre geográfico como elemento de entrada Padres e hijos
9 (RLIN) 796
650 #4 - PUNTO DE ACCESO ADICIONAL DE MATERIA--TÉRMINO DE MATERIA
Término de materia o nombre geográfico como elemento de entrada Educación para la vida familiar
9 (RLIN) 2729
650 #4 - PUNTO DE ACCESO ADICIONAL DE MATERIA--TÉRMINO DE MATERIA
Término de materia o nombre geográfico como elemento de entrada Educación en el hogar
9 (RLIN) 798
650 #4 - PUNTO DE ACCESO ADICIONAL DE MATERIA--TÉRMINO DE MATERIA
Término de materia o nombre geográfico como elemento de entrada Manejo de niños
9 (RLIN) 799
650 #4 - PUNTO DE ACCESO ADICIONAL DE MATERIA--TÉRMINO DE MATERIA
Término de materia o nombre geográfico como elemento de entrada Actividades creativas y trabajo de clase
9 (RLIN) 65919
700 1# - PUNTO DE ACCESO ADICIONAL--NOMBRE DE PERSONA
Nombre de persona Thurman, Tenzin Robert,
Término indicativo de función/relación pról.
9 (RLIN) 65920
910 ## - DATOS DE OPCIÓN DEL USUARIO (OCLC)
Datos de opción del usuario Validado. Control de calidad EMS
Holdings
Estado de retiro Estado de pérdida Restricciones de uso No para préstamo Código de colección Localización permanente Ubicación/localización actual Ubicación en estantería Fecha de adquisición Número de inventario Total de préstamos Signatura topográfica completa Código de barras Fecha visto por última vez Número de copia Precio válido a partir de Tipo de ítem Koha
        Dominicana de Servicio General General Depósito 18.07.2013 LF1   649.1 F523L 39727-30 25.06.2020 e.3 25.06.2020 Libro y Folleto Colección Dominicana de Servicio
      Excluido de préstamo Patrimonio Dominicano Patrimonio Dominicano Patrimonio Dominicano Depósito 18.07.2013 LF1   649.1 F523L 39727-10 25.06.2020   25.06.2020 Libro y Folleto Colección Patrimonio Dominicano
      Excluido de préstamo Patrimonio Dominicano Patrimonio Dominicano Patrimonio Dominicano Depósito 18.07.2013 LF1   649.1 F523L 39727-20 25.06.2020 e.2 25.06.2020 Libro y Folleto Colección Patrimonio Dominicano

Powered by Koha